|
|
|
|
| LEADER |
01081nam a2200241 a 4500 |
| 001 |
c000163245 |
| 003 |
CARM |
| 005 |
20030429094332.0 |
| 008 |
980908s1884 waua f001 0 eng d |
| 040 |
|
|
|a VCAV
|b eng
|c VCAV
|
| 110 |
1 |
|
|a United States.
|b Census Office.
|b 10th census, 1880.
|
| 245 |
1 |
0 |
|a Report on valuation, taxation, and public indebtedness in the United States as returned at the tenth census (June 1, 1880) /
|c compiled under the direction of Robert P. Porter, special agent.
|
| 260 |
|
|
|a Washington :
|b Government Printing Office,
|c 1884.
|
| 300 |
|
|
|a 909 p. ;
|c 30 cm.
|
| 440 |
|
0 |
|a Tenth census
|v v. 7
|
| 500 |
|
|
|a Includes indexes.
|
| 500 |
|
|
|a At head of title: Department of the Interior, Census Office.
|
| 650 |
|
0 |
|a Taxation
|z United States.
|
| 651 |
|
0 |
|a United States
|x Census, 10th, 1880.
|
| 700 |
1 |
|
|a Porter, Robert P.
|
| 852 |
8 |
|
|b CARM
|h A2:AR11D4
|i E01360
|p 0222507
|f BK
|
| 999 |
f |
f |
|i 7130c419-dbc6-5cbf-917f-773e86e4eb32
|s 4fd298db-f441-591a-afb7-424cd78b05b3
|
| 952 |
f |
f |
|p Can circulate
|a CAVAL
|b CAVAL
|c CAVAL
|d CARM 1 Store
|e E01360
|f A2:AR11D4
|h Other scheme
|i book
|m 0222507
|